=LDR 00000nam 2200000 4500 =001 INLIS000000000032244 =005 20200706015537 =035 ##$$a 0010-061300000032244 =008 200706################g##########0#ind## =041 ##$$a ind =082 ##$$a 2x5.2 =090 ##$$a 2x5.2 , Arr,m =100 ##$$a Ar-Rummi,Syekh Ibnu Jabr =245 1#$$a Mendaki tangga ma'rifat : $b Menggali potensi indra keenam, meraih misteri karomah /$c Syekh Ibnu Jabr ar-Rummi =260 ##$$a [s.l] :$b Mitra Press,$c 2007 =300 ##$$a viii,272 hlm. ; $c 21 x 15 cm. =650 #4$$a Tasawuf =850 ##$$a NBPNMAT =084 ##$$a 2x5.2 ARR m =990 ##$$a 21001624 =990 ##$$a 21001623 =990 ##$$a 21001622 =990 ##$$a 21001621